000 00586nam a22001937a 4500
005 20150928114804.0
010 _aENG-113661
020 _a9788189430313
_c295.00
035 _aEN-97193
037 _bDBAD/PUB
082 _a230
100 _aKriyananda, Swami
245 _aReligion in the new age :
_cby Swami Kriyananda
_band other essays for the spiritual seeker /
260 _aGurgaon
_bAnanda Sangha Publications
_c2010
270 _bGurgaon
_aB-10/8, DLF Phase- I
300 _ax,401p.
_c22cm(pbk)
500 _aIncludes index
942 _2ddc
_cEN
_mKRI
_h230
999 _c95228
_d95228